|
|
|
|
| LEADER |
00756cam a2200217 7i4500 |
| 001 |
0000010032 |
| 005 |
20171026090000.0 |
| 020 |
|
|
|a 9780321205650 (hbk.)
|
| 020 |
|
|
|a 0321205650 (hbk.)
|
| 090 |
0 |
0 |
|a QA39.3
|b .A54 2005
|
| 100 |
1 |
|
|a Angel, Allen R
|
| 245 |
1 |
2 |
|a A Survey mathematics with applications
|c Allen R. Angel, Christine D. Abbott, Dennis C. Runde.
|
| 250 |
|
|
|a 7th ed.
|
| 260 |
|
|
|a Boston:
|b Pearson Addison Wesley,
|c 2005.
|
| 300 |
|
|
|a xx, 939 p.:
|b col. ill.;
|c 26 cm.
|
| 500 |
|
|
|a Includes index
|
| 650 |
0 |
0 |
|a Mathematics --
|x Engineering
|
| 700 |
1 |
|
|a Abbott, Christine D
|
| 700 |
1 |
|
|a Runde, Dennis C
|
| 997 |
|
|
|a Engineering & Life Sciences, Faculty
|b Engineering, Department
|
| 999 |
|
|
|a 0000016314
|b BOK
|c OPEN SHELF
|e 2nd Floor, Bestari Jaya
|